000 00703nam a2200193 a 4500
001 BRCA_3687
005 20190320204401.0
008 751006s1953 mx-a---###---#000-1#spa-#
041 _aspa
044 _amx
050 4 _aPQ7297
_b.L64 1953
100 1 _aLoera y Chávez, Agustin
_d1895-
_99571
245 1 0 _aEstampas provincianas
_cAgustin Loera y Chávez : ilustraciones de Alberto Beltrán.
260 _aMéxico
_bCultura
_c1953
300 _a57 p.
_bil.
_c24 cm.
501 _aCon: cap. 1. La calle del obrador. cap. 2. El tío Esteban. cap. 3. Los Alatorres. cap. 4. El mesón de Don Romualdo. cap. 5. La tía Marianita. cap. 6. Don Trinidad
700 1 _aBeltrán, Alberto
_99572
942 _2lcc
_cB
999 _c3418
_d3418